| 000 | 00695nam a2200217 i 4500 | ||
|---|---|---|---|
| 001 | 43683 | ||
| 003 | ES-MaACL | ||
| 005 | 20230906160846.0 | ||
| 007 | t| | ||
| 008 | 030318s1895 sp ||||1| spa d | ||
| 111 | 2 |
_aExposicion Nacional de Bellas Artes ( _d1895. _cMadrid) _9152259 |
|
| 245 | 1 | 0 | _aCatálogo de la exposición general de Bellas Artes 1895. |
| 250 | _aEd. oficial. | ||
| 260 |
_aMadrid : _b[s.n.], _c1895 ( _fTomás Minuesa de los Rios) |
||
| 300 |
_a246 p. ; _c16 cm. |
||
| 650 | 4 |
_aArte español- _yS.XIX- _vExposiciones. _9138900 |
|
| 655 | 7 |
_2tgfbne _9193628 _aCatálogos de exposiciones |
|
| 852 |
_aES-MaACL _jD-355 |
||
| 942 | _2udc | ||
| 999 |
_c43683 _d43683 |
||